Alle deutschen Vögel - Statistiken

Allgemein
  • Dieses Quiz wurde 9 mal gespielt
  • Das Durchschnittsergebnis liegt bei 52 aus 314
Antwortstatistiken
Bildquiz Antwort % Korrekt
Amsel
100%
Blaumeise
100%
Rotkehlchen
88%
Sperber
88%
Uhu
88%
Elster
75%
Grünfink
75%
Kohlmeise
75%
Seeadler
75%
Star
75%
Turmfalke
75%
Waldkauz
75%
Wiedehopf
75%
Buchfink
63%
Buntspecht
63%
Eichelhäher
63%
Eisvogel
63%
Graugans
63%
Mauersegler
63%
Schleiereule
63%
Steinadler
63%
Stockente
63%
Zaunkönig
63%
Auerhuhn
50%
Bachstelze
50%
Blässhuhn
50%
Dohle
50%
Goldammer
50%
Graureiher
50%
Grünspecht
50%
Habicht
50%
Haubenmeise
50%
Kanadagans
50%
Kleiber
50%
Kolkrabe
50%
Kormoran
50%
Mäusebussard
50%
Nilgans
50%
Rauchschwalbe
50%
Rebhuhn
50%
Ringeltaube
50%
Wanderfalke
50%
Bartgeier
38%
Feldlerche
38%
Feldsperling
38%
Gartenrotschwanz
38%
Haubentaucher
38%
Haussperling
38%
Jagdfasan
38%
Kiebitz
38%
Kranich
38%
Kuckuck
38%
Lachmöwe
38%
Mandarinente
38%
Nachtigall
38%
Nebelkrähe
38%
Neuntöter
38%
Pirol
38%
Rabenkrähe
38%
Rotmilan
38%
Saatkrähe
38%
Schwarzmilan
38%
Singdrossel
38%
Steinkauz
38%
Stieglitz
38%
Teichhuhn
38%
Türkentaube
38%
Turteltaube
38%
Weißstorch
38%
Basstölpel
25%
Birkhuhn
25%
Blaukehlchen
25%
Brandgans
25%
Erlenzeisig
25%
Fichtenkreuzschnabel
25%
Gartenbaumläufer
25%
Gimpel
25%
Hausrotschwanz
25%
Höckerschwan
25%
Kernbeißer
25%
Kleinspecht
25%
Löffelente
25%
Mehlschwalbe
25%
Mittelspecht
25%
Purpurreiher
25%
Schwarzschwan
25%
Schwarzspecht
25%
Schwarzspecht
25%
Singschwan
25%
Teichrohrsänger
25%
Trottellumme
25%
Uferschwalbe
25%
Wachtel
25%
Waldbaumläufer
25%
Waldohreule
25%
Waldschnepfe
25%
Wasseramsel
25%
Zilpzalp
25%
Zwergschwan
25%
Alpenschneehuhn
13%
Austernfischer
13%
Bartmeise
13%
Baumfalke
13%
Bergfink
13%
Bienenfresser
13%
Brachvogel
13%
Brandseeschwalbe
13%
Braunkehlchen
13%
Dreizehenspecht
13%
Drosselrohrsänger
13%
Eiderente
13%
Eistaucher
13%
Fischadler
13%
Fitis
13%
Flussregenpfeifer
13%
Flussseeschwalbe
13%
Gänsesäger
13%
Grauammer
13%
Grauspecht
13%
Habichtskauz
13%
Haubenlerche
13%
Knutt
13%
Kornweihe
13%
Kurzschnabelgans
13%
Küstenseeschwalbe
13%
Löffler
13%
Merlin
13%
Mittelmeermöwe
13%
Nachtreiher
13%
Nachtschwalbe
13%
Nandu
13%
Reiherente
13%
Rohrdommel
13%
Rohrweihe
13%
Rostgans
13%
Säbelschnäbler
13%
Sandregenpfeifer
13%
Schwanzmeise
13%
Schwarzkehlchen
13%
Seeregenpfeifer
13%
Seidenreiher
13%
Silbermöwe
13%
Silberreiher
13%
Skua
13%
Sommergoldhähnchen
13%
Straßentaube
13%
Sumpfmeise
13%
Sumpfohreule
13%
Tafelente
13%
Tannenhäher
13%
Tannenmeise
13%
Trauerente
13%
Trauerseeschwalbe
13%
Uferschnepfe
13%
Wacholderdrossel
13%
Weidenmeise
13%
Weißflügel-Seeschwalbe
13%
Wespenbussard
13%
Wiesenweihe
13%
Wintergoldhähnchen
13%
Zwergdommel
13%
Alpenbraunelle
0%
Alpendohle
0%
Alpensegler
0%
Alpenstrandläufer
0%
Baumpieper
0%
Bekassine
0%
Bergente
0%
Berghänfling
0%
Berglaubsänger
0%
Bergpieper
0%
Beutelmeise
0%
Birkenzeisig
0%
Blässgans
0%
Bluthänfling
0%
Brachpieper
0%
Brautente
0%
Bruchwasserläufer
0%
Dorngrasmücke
0%
Dreizehenmöwe
0%
Dunkelwasserläufer
0%
Dunkler Sturmtaucher
0%
Eisente
0%
Eissturmvogel
0%
Falkenraubmöwe
0%
Feldschwirl
0%
Felsenschwalbe
0%
Flussuferläufer
0%
Gartengrasmücke
0%
Gebirgsstelze
0%
Gelbbrauen-Laubsänger
0%
Gelbspötter
0%
Girlitz
0%
Goldregenpfeifer
0%
Grauschnäpper
0%
Großtrappe
0%
Grünlaubsänger
0%
Grünschenkel
0%
Gryllteiste
0%
Halsbandschnäpper
0%
Halsbandsittich
0%
Haselhuhn
0%
Heckenbraunelle
0%
Heidelerche
0%
Heringsmöwe
0%
Hohltaube
0%
Kampfläufer
0%
Karmingimpel
0%
Kiebitzregenpfeifer
0%
Klappergrasmücke
0%
Kleinsumpfhuhn
0%
Knäkente
0%
Kolbenente
0%
Krabbentaucher
0%
Krickente
0%
Lachseeschwalbe
0%
Mantelmöwe
0%
Mauerläufer
0%
Meerstrandläufer
0%
Misteldrossel
0%
Mittelsäger
0%
Mönchsgrasmücke
0%
Moorente
0%
Mornellregenpfeifer
0%
Odinshühnchen
0%
Ohrenlerche
0%
Ohrentaucher
0%
Orpheusspötter
0%
Ortolan
0%
Pfeifente
0%
Pfuhlschnepfe
0%
Prachttaucher
0%
Raubseeschwalbe
0%
Raubwürger
0%
Raufußbussard
0%
Raufußkauz
0%
Regenbrachvogel
0%
Ringdrossel
0%
Ringelgans
0%
Rohrammer
0%
Rohrschwirl
0%
Rotdrossel
0%
Rotfußfalke
0%
Rothalsgans
0%
Rothalstaucher
0%
Rotkehlpieper
0%
Rotkopfwürger
0%
Rotschenkel
0%
Samtente
0%
Sanderling
0%
Schafstelze
0%
Schellente
0%
Schilfrohrsänger
0%
Schlagschwirl
0%
Schmarotzerraubmöwe
0%
Schnatterente
0%
Schneeammer
0%
Schneesperling
0%
Schreiadler
0%
Schwarzhalstaucher
0%
Schwarzkopfmöwe
0%
Seggenrohrsänger
0%
Seidenschwanz
0%
Sichelstrandläufer
0%
Spatelraubmöwe
0%
Sperbergrasmücke
0%
Sperlingskauz
0%
Spießente
0%
Spornammer
0%
Spornpieper
0%
Sprosser
0%
Steinhuhn
0%
Steinrötel
0%
Steinschmätzer
0%
Steinwälzer
0%
Stelzenläufer
0%
Steppenmöwe
0%
Sterntaucher
0%
Strandpieper
0%
Sturmmöwe
0%
Sumpfläufer
0%
Sumpfrohrsänger
0%
Teichwasserläufer
0%
Temminckstrandläufer
0%
Thorshühnchen
0%
Tordalk
0%
Trauerschnäpper
0%
Triel
0%
Tundrassaatgans
0%
Tüpfelsumpfhuhn
0%
Wachtelkönig
0%
Waldlaubsänger
0%
Waldrapp
0%
Waldsaatgans
0%
Waldwasserläufer
0%
Wasserralle
0%
Weißbart-Seeschwalbe
0%
Weißrückenspecht
0%
Weißwangengans
0%
Wellenläufer
0%
Wendehals
0%
Wiesenpieper
0%
Zaunammer
0%
Zippammer
0%
Zitronengirlitz
0%
Zwerggans
0%
Zwergmöwe
0%
Zwergsäger
0%
Zwergschnäpper
0%
Zwergschnepfe
0%
Zwergseeschwalbe
0%
Zwergstrandläufer
0%
Zwergsumpfhuhn
0%
Zwergtaucher
0%
Keine übereinstimmenden Quizze gefunden
Verteilung der Resultate
Anzahl Personen mit jedem Resultat
Perzentil nach korrekt beantworteten Fragen
Ihre Resultats-Entwicklung
Sie haben dieses Quiz noch nicht gespielt